[Event "GER-chT U20"]
[Site "Duesseldorf"]
[Date "2017.12.28"]
[Round "3.6"]
[White "Schneider, Edward"]
[Black "Visvikis, Christos"]
[Result "0-1"]
[WhiteElo "1673"]
[BlackElo "1882"]
[PlyCount "66"]
[EventDate "2017.12.27"]
[EventType "team-swiss"]
[EventRounds "7"]
[EventCountry "GER"]
[SourceTitle "CBM 182 Extra"]
[Source "ChessBase"]
[SourceDate "2018.02.23"]
[SourceVersion "1"]
[SourceVersionDate "2018.02.23"]
[SourceQuality "1"]
[WhiteTeam "Sasbach U20"]
[BlackTeam "Baden-Baden U20"]
[WhiteTeamCountry "GER"]
[BlackTeamCountry "GER"]

1. e4 c5 2. Nf3 d6 3. d4 cxd4 4. Nxd4 Nf6 5. f3 e5 6. Nb3 a6 7. c4 Be6 8. Nc3 Nbd7 9. Be3 Rc8 10. Nd5 Bxd5 11. cxd5 Be7 12. Be2 0-0 13. 0-0 Ne8 14. Qd2 f5 15. Rac1 Rxc1 16. Rxc1 f4 17. Bf2 Bh4 18. Bxh4 Qxh4 19. Qb4 Ndf6 20. Qxb7 g5 21. Nd2 h5 22. Qxa6 g4 23. Qd3 Nh7 24. b4 Ng5 25. Bf1 Kh8 26. Qe2 Rg8 27. Kh1 Nf6 28. b5 gxf3 29. Nxf3 Nxf3 30. gxf3 Ng4 31. Rc2 Ne3 32. Rb2 Qg5 33. Qf2 Nd1 0-1

[Event "GER-chT Lands U20"]
[Site "Hannover"]
[Date "2016.10.03"]
[Round "4.6"]
[White "Reinecke, Katharina"]
[Black "Visvikis, Christos"]
[Result "1-0"]
[WhiteElo "1819"]
[BlackElo "1973"]
[PlyCount "50"]
[EventDate "2016.10.01"]
[EventType "team-swiss"]
[EventRounds "7"]
[EventCountry "GER"]
[SourceTitle "CBM 174 Extra"]
[Source "ChessBase"]
[SourceDate "2016.10.10"]
[SourceVersion "1"]
[SourceVersionDate "2016.10.10"]
[SourceQuality "1"]
[WhiteTeam "Hessen"]
[BlackTeam "Baden"]
[WhiteTeamCountry "GER"]
[BlackTeamCountry "GER"]

1. d4 Nf6 2. c4 c5 3. d5 b5 4. cxb5 a6 5. bxa6 g6 6. Nc3 Bxa6 7. e4 Bxf1 8. Kxf1 d6 9. Nf3 Nbd7 10. g3 Bg7 11. Kg2 0-0 12. a4 Ng4 13. Qc2 Qb6 14. Bd2 c4 15. Rhf1 Nc5 16. h3 Nf6 17. Be3 Nfd7 18. Nb5 Qd8 19. Nfd4 Bxd4 20. Bxd4 Nb3 21. Ra3 Rb8 22. Rd1 Na5 23. Bc3 Nb3 24. Na7 Qb6 25. Nc6 Ra8 1-0

[Event "GER-ch U25-A"]
[Site "Willingen"]
[Date "2016.05.18"]
[Round "6"]
[White "Terhuven, Patrick"]
[Black "Visvikis, Christos"]
[Result "1/2-1/2"]
[WhiteElo "2125"]
[BlackElo "1894"]
[PlyCount "44"]
[EventDate "2016.05.15"]
[EventType "swiss"]
[EventRounds "9"]
[EventCountry "GER"]
[SourceTitle "CBM 172 Extra"]
[Source "ChessBase"]
[SourceDate "2016.06.21"]
[SourceVersion "1"]
[SourceVersionDate "2016.06.21"]
[SourceQuality "1"]

1. Nf3 Nf6 2. c4 e6 3. g3 b6 4. Bg2 Bb7 5. 0-0 Be7 6. b3 0-0 7. Bb2 c5 8. e3 d6 9. d4 Nbd7 10. Nc3 cxd4 11. exd4 a6 12. d5 exd5 13. cxd5 b5 14. a3 Rc8 15. Nd4 Qb6 16. Re1 Rfe8 17. Rc1 Bf8 18. Qd2 Rxe1+ 19. Rxe1 Rc5 20. Nf5 Ne5 21. Rd1 Bc8 22. Nd4 Bg4 1/2-1/2

[Event "GER-ch U25-A"]
[Site "Willingen"]
[Date "2016.05.15"]
[Round "1"]
[White "Visvikis, Christos"]
[Black "Rose, Luis Stratos"]
[Result "1/2-1/2"]
[WhiteElo "1894"]
[BlackElo "1385"]
[PlyCount "106"]
[EventDate "2016.05.15"]
[EventType "swiss"]
[EventRounds "9"]
[EventCountry "GER"]
[SourceTitle "CBM 172 Extra"]
[Source "ChessBase"]
[SourceDate "2016.06.21"]
[SourceVersion "1"]
[SourceVersionDate "2016.06.21"]
[SourceQuality "1"]

1. e4 g6 2. d4 Bg7 3. Nc3 d6 4. g3 a6 5. Bg2 Nf6 6. Nge2 Nbd7 7. 0-0 0-0 8. Be3 Rb8 9. a4 c5 10. h3 Qc7 11. g4 b6 12. Ng3 Bb7 13. f4 cxd4 14. Bxd4 Nc5 15. g5 Ne8 16. Bxg7 Nxg7 17. Qe2 e6 18. h4 Rbd8 19. Rad1 Qd7 20. b3 Qc7 21. Qe3 Rc8 22. Nce2 Rfd8 23. c4 Nd7 24. Kh2 Nf8 25. Bf3 Qc5 26. Qxc5 dxc5 27. Bg4 Bc6 28. f5 exf5 29. exf5 Bd7 30. Rd5 Nxf5 31. Bxf5 Bxf5 32. Nxf5 gxf5 33. Rdxf5 Rd2 34. R1f2 Re8 35. Ng1 Rxf2+ 36. Rxf2 Re3 37. Rf3 Rxf3 38. Nxf3 Ne6 39. Ne5 Nd4 40. Nd7 Nxb3 41. Nxb6 Nd2 42. Kg3 Kg7 43. Kf2 h6 44. Ke3 Nb3 45. Nd7 hxg5 46. hxg5 Kg6 47. Kf4 Nd2 48. Ne5+ Kg7 49. Kf5 a5 50. Nd7 Nxc4 51. Nxc5 Nb6 52. Kg4 Nxa4 53. Nxa4 f6 1/2-1/2

[Event "GER-ch U14"]
[Site "Magdeburg"]
[Date "2014.06.13"]
[Round "8"]
[White "Langer, Simon"]
[Black "Visvikis, Christos"]
[Result "1-0"]
[WhiteElo "1969"]
[BlackElo "1766"]
[PlyCount "79"]
[EventDate "2014.06.08"]
[EventType "swiss"]
[EventRounds "9"]
[EventCountry "GER"]
[SourceTitle "CBM 160 Extra"]
[Source "ChessBase"]
[SourceDate "2014.07.01"]
[SourceVersion "1"]
[SourceVersionDate "2014.07.01"]
[SourceQuality "1"]

1. e4 c5 2. Nf3 d6 3. d4 cxd4 4. Nxd4 Nf6 5. Nc3 a6 6. Bg5 e6 7. f4 b5 8. e5 dxe5 9. fxe5 Qc7 10. exf6 Qe5+ 11. Be2 Qxg5 12. 0-0 Ra7 13. Qd3 Rd7 14. Ne4 Qg6 15. Qe3 Bb7 16. Bd3 Qh5 17. Nf5 Bxe4 18. fxg7 Qg4 19. gxf8Q+ Kxf8 20. Bxe4 exf5 21. Bxf5 Qd4 22. Qxd4 Rxd4 23. Be6 Ke7 24. Bxf7 Rd2 25. Rae1+ Kd7 26. Be6+ Kc6 27. Rf6 Rd6 28. Bd5+ Kc7 29. Re7+ Nd7 30. Be6 Rd1+ 31. Kf2 a5 32. Rff7 Rd8 33. Rxd7+ R8xd7 34. Rxd7+ Rxd7 35. Bxd7 Kxd7 36. Ke3 Ke6 37. Ke4 h6 38. g4 a4 39. a3 Kf6 40. h4 1-0

[Event "GER-ch U14"]
[Site "Magdeburg"]
[Date "2014.06.11"]
[Round "6"]
[White "Schamber, Dennis"]
[Black "Visvikis, Christos"]
[Result "0-1"]
[WhiteElo "1588"]
[BlackElo "1766"]
[PlyCount "140"]
[EventDate "2014.06.08"]
[EventType "swiss"]
[EventRounds "9"]
[EventCountry "GER"]
[SourceTitle "CBM 160 Extra"]
[Source "ChessBase"]
[SourceDate "2014.07.01"]
[SourceVersion "1"]
[SourceVersionDate "2014.07.01"]
[SourceQuality "1"]

1. d4 Nf6 2. c4 e6 3. Nf3 b6 4. Bg5 Be7 5. Nc3 Bb7 6. e3 0-0 7. Bd3 d5 8. 0-0 Nbd7 9. Rc1 dxc4 10. Bxc4 c5 11. dxc5 Bxc5 12. a3 Rc8 13. Be2 Be7 14. Nd4 Nc5 15. Bf3 Nfe4 16. Bxe7 Qxe7 17. Nxe4 Nxe4 18. Qe2 Qg5 19. Qd3 Nc5 20. Rxc5 bxc5 21. Bxb7 Rcd8 22. Nf3 Qxg2+ 23. Kxg2 Rxd3 24. Rc1 Rb3 25. Be4 f5 26. Bc6 Rxb2 27. Rxc5 Rb6 28. Bb5 Rd8 29. Nd4 h6 30. Bc4 Kh7 31. Nxe6 Rdb8 32. Nd4 Rg6+ 33. Kf3 Rb2 34. Bd3 Rf6 35. Rc7 Kh8 36. Rxa7 g6 37. a4 f4 38. e4 Rd6 39. Ra8+ Kh7 40. Ra7+ Kh8 41. Kxf4 Rxd4 42. Ke3 Rd8 43. Bb5 Ra2 44. e5 Rd5 45. Ke4 Rxb5 46. Ra8+ Kg7 47. Ra7+ Kf8 48. Ra8+ Ke7 49. Ra7+ Kd8 50. Ra6 Re2+ 51. Kf3 Rbxe5 52. Rxg6 Re6 53. Rg8+ Re8 54. Rg6 R2e6 55. Rg7 Rf8+ 56. Kg2 Re2 57. Rh7 Rexf2+ 58. Kg1 R2f4 59. Kg2 R8f6 60. Rh8+ Kc7 61. a5 Ra4 62. Kg3 Rxa5 63. h4 Kd7 64. Rh7+ Ke6 65. Rb7 Ra4 66. Rb6+ Kf7 67. Rb5 Rg6+ 68. Kh3 Ra3+ 69. Kh2 Re6 70. Rb2 Re4 0-1

[Event "GER-ch U14"]
[Site "Magdeburg"]
[Date "2014.06.10"]
[Round "4"]
[White "Gutschenreiter, Dorian"]
[Black "Visvikis, Christos"]
[Result "1-0"]
[WhiteElo "1882"]
[BlackElo "1766"]
[PlyCount "105"]
[EventDate "2014.06.08"]
[EventType "swiss"]
[EventRounds "9"]
[EventCountry "GER"]
[SourceTitle "CBM 160 Extra"]
[Source "ChessBase"]
[SourceDate "2014.07.01"]
[SourceVersion "1"]
[SourceVersionDate "2014.07.01"]
[SourceQuality "1"]

1. e4 c5 2. Nc3 d6 3. Bb5+ Bd7 4. a4 Nc6 5. Bxc6 Bxc6 6. d3 Nf6 7. f4 g6 8. Nf3 Bg7 9. 0-0 0-0 10. Qe1 e6 11. Qh4 d5 12. e5 Nd7 13. Qh3 Re8 14. Ng5 Nf8 15. Nb5 Bxb5 16. axb5 Qd7 17. c4 dxc4 18. dxc4 Qd4+ 19. Be3 Qxb2 20. Bxc5 h6 21. Ne4 Nd7 22. Bf2 a6 23. Qd3 Red8 24. Rfb1 Nxe5 25. Qxd8+ Rxd8 26. Rxb2 Nxc4 27. Rba2 Bxa1 28. Rxa1 axb5 29. g3 b4 30. Rb1 f5 31. Rxb4 b5 32. Nc5 Rd1+ 33. Kg2 Rd2 34. Kf1 e5 35. fxe5 Nxe5 36. h3 Rd1+ 37. Kg2 g5 38. Rxb5 f4 39. gxf4 gxf4 40. Rb2 Rd6 41. Ne4 f3+ 42. Kh2 Rg6 43. Bg3 Nd3 44. Rd2 Nc1 45. Rf2 Re6 46. Nc3 Re3 47. Nd5 Rd3 48. Nb4 Rb3 49. Nc2 Ne2 50. Ne1 Nd4 51. Be5 Nc6 52. Rxf3 Rb2+ 53. Bxb2 1-0

[Event "Baden-ch U14"]
[Site "Karlsruhe"]
[Date "2014.01.05"]
[Round "6"]
[White "Visvikis, Christos"]
[Black "Wiesner, Alexander"]
[Result "0-1"]
[WhiteElo "1705"]
[BlackElo "1728"]
[PlyCount "76"]
[EventDate "2014.01.??"]
[EventType "swiss"]
[EventRounds "7"]
[EventCountry "GER"]
[SourceTitle "EXT 2022"]
[Source "ChessBase"]
[SourceDate "2021.10.06"]
[SourceVersion "1"]
[SourceVersionDate "2021.10.06"]
[SourceQuality "1"]

1. e4 e6 2. d4 d5 3. exd5 exd5 4. Bd3 c5 5. dxc5 Bxc5 6. Ne2 Nf6 7. 0-0 0-0 8. Bg5 Be6 9. Nd2 Nbd7 10. Nb3 Bd6 11. Nbd4 Bxh2+ 12. Kh1 Bc7 13. c3 Ne5 14. Bc2 Nc6 15. Qd3 Qd6 16. f4 Ne4 17. Nb5 Qd7 18. Nxc7 Qxc7 19. Bh4 f5 20. Rf3 Rf7 21. Bb3 Rd7 22. Rd1 Bf7 23. Nd4 Nxd4 24. Qxd4 Bh5 25. Bxd5+ Kh8 26. Rdd3 Bxf3 27. Rxf3 Re8 28. c4 b6 29. b4 Rd6 30. g3 Qd7 31. b5 Nf6 32. Bxf6 Rxf6 33. Re3 Rfe6 34. Re5 Qd6 35. Rxe6 Rxe6 36. Qd2 Re4 37. Qc3 Re2 38. Kg1 Qc5+ 0-1

[Event "Baden-ch U14"]
[Site "Karlsruhe"]
[Date "2014.01.04"]
[Round "5"]
[White "Visvikis, Christos"]
[Black "Juelg, Gabriel"]
[Result "1/2-1/2"]
[WhiteElo "1705"]
[BlackElo "1604"]
[PlyCount "33"]
[EventDate "2014.01.??"]
[EventType "swiss"]
[EventRounds "7"]
[EventCountry "GER"]
[SourceTitle "EXT 2022"]
[Source "ChessBase"]
[SourceDate "2021.10.06"]
[SourceVersion "1"]
[SourceVersionDate "2021.10.06"]
[SourceQuality "1"]

1. e4 c5 2. Nf3 d6 3. d4 cxd4 4. Nxd4 Nf6 5. Nc3 g6 6. Be3 Bg7 7. f3 0-0 8. Qd2 Re8 9. Bc4 a6 10. a3 Nc6 11. 0-0 Qc7 12. Bb3 Ne5 13. Rad1 Bd7 14. Kh1 Rac8 15. h3 Nh5 16. Rfe1 Nf6 17. Bh6 1/2-1/2

[Event "Baden-ch U14"]
[Site "Karlsruhe"]
[Date "2014.01.03"]
[Round "4"]
[White "Jurga, Jonas Vincent"]
[Black "Visvikis, Christos"]
[Result "1/2-1/2"]
[WhiteElo "1670"]
[BlackElo "1705"]
[PlyCount "57"]
[EventDate "2014.01.??"]
[EventType "swiss"]
[EventRounds "7"]
[EventCountry "GER"]
[SourceTitle "EXT 2022"]
[Source "ChessBase"]
[SourceDate "2021.10.06"]
[SourceVersion "1"]
[SourceVersionDate "2021.10.06"]
[SourceQuality "1"]

1. e4 c5 2. Nf3 Nc6 3. d4 cxd4 4. Nxd4 d6 5. Nc3 Nf6 6. Bg5 e5 7. Ndb5 a6 8. Na3 Be7 9. Bxf6 Bxf6 10. Nd5 0-0 11. c4 Nd4 12. Nc2 Bg4 13. f3 Bh4+ 14. Kd2 Bg5+ 15. Nce3 Be6 16. Kd3 Rc8 17. b3 b5 18. Qe1 bxc4+ 19. bxc4 Bxe3 20. Nxe3 Qc7 21. Qc3 Nb5 22. Qb4 Nd4 23. Rc1 Rb8 24. Qc3 Rfc8 25. Be2 Rb7 26. Bd1 Qc5 27. Rf1 f5 28. Nd5 f4 29. Nxf4 1/2-1/2

[Event "Baden-ch U12"]
[Site "Karlsruhe"]
[Date "2012.01.05"]
[Round "7"]
[White "Parkhanova, Oleksandra"]
[Black "Visvikis, Christos"]
[Result "0-1"]
[WhiteElo "700"]
[BlackElo "814"]
[PlyCount "120"]
[EventDate "2012.01.03"]
[EventType "swiss"]
[EventRounds "7"]
[EventCountry "GER"]
[SourceTitle "EXT 2015"]
[Source "ChessBase"]
[SourceDate "2014.11.20"]
[SourceVersion "1"]
[SourceVersionDate "2014.11.20"]
[SourceQuality "1"]

1. e4 c5 2. Nc3 Nc6 3. Nf3 Nf6 4. Bc4 e6 5. Ng5 h6 6. Nxf7 Kxf7 7. 0-0 Be7 8. d3 Rf8 9. Qe1 Nd4 10. Rb1 Nxc2 11. Qd1 Nd4 12. e5 Nh7 13. Qh5+ Kg8 14. Be3 Qe8 15. Qxe8 Rxe8 16. Bxd4 cxd4 17. Nb5 Rf8 18. Nxd4 Bc5 19. Nb3 Bb6 20. d4 Ng5 21. Nd2 a6 22. d5 Kh8 23. dxe6 dxe6 24. b4 Bd7 25. b5 a5 26. a4 Rad8 27. Rbd1 Bc5 28. h4 Nf7 29. Ne4 Bb6 30. Nd2 Nxe5 31. Rde1 Nxc4 32. Nxc4 Bc5 33. Nxa5 b6 34. Nc4 Ra8 35. Ne5 Bc8 36. Ng6+ Kg8 37. Nxf8 Kxf8 38. Rd1 Bb7 39. Rde1 Bd5 40. g4 Bc4 41. Kg2 Bxf1+ 42. Kxf1 Kf7 43. Re4 Rf8 44. g5 Ke7 45. gxh6 Rxf2+ 46. Ke1 gxh6 47. Re5 Rf5 48. Rxf5 exf5 49. Ke2 f4 50. Kf3 Be3 51. Kg4 Kd7 52. Kh5 f3 53. Kg4 f2 54. Kf3 f1Q+ 55. Kxe3 Qh3+ 56. Kd4 Qxh4+ 57. Kc3 Qxa4 58. Kd3 Qxb5+ 59. Ke4 Qg5 60. Kd4 h5 0-1